<?xml version="1.0" encoding="UTF-8"?><?xml-stylesheet type="text/xsl" href="static/style.xsl"?><OAI-PMH xmlns="http://www.openarchives.org/OAI/2.0/" xmlns:xsi="http://www.w3.org/2001/XMLSchema-instance" xsi:schemaLocation="http://www.openarchives.org/OAI/2.0/ http://www.openarchives.org/OAI/2.0/OAI-PMH.xsd"><responseDate>2026-04-17T15:01:11Z</responseDate><request verb="GetRecord" identifier="oai:www.recercat.cat:2072/479787" metadataPrefix="marc">https://recercat.cat/oai/request</request><GetRecord><record><header><identifier>oai:recercat.cat:2072/479787</identifier><datestamp>2025-07-29T23:36:45Z</datestamp><setSpec>com_2072_98</setSpec><setSpec>col_2072_378192</setSpec></header><metadata><record xmlns="http://www.loc.gov/MARC21/slim" xmlns:dcterms="http://purl.org/dc/terms/" xmlns:xsi="http://www.w3.org/2001/XMLSchema-instance" xmlns:doc="http://www.lyncode.com/xoai" xsi:schemaLocation="http://www.loc.gov/MARC21/slim http://www.loc.gov/standards/marcxml/schema/MARC21slim.xsd">
   <leader>00925njm 22002777a 4500</leader>
   <datafield ind2=" " ind1=" " tag="042">
      <subfield code="a">dc</subfield>
   </datafield>
   <datafield ind2=" " ind1=" " tag="720">
      <subfield code="a">Callegari, Elena</subfield>
      <subfield code="e">author</subfield>
   </datafield>
   <datafield ind2=" " ind1=" " tag="260">
      <subfield code="c">2024</subfield>
   </datafield>
   <datafield ind2=" " ind1=" " tag="520">
      <subfield code="a">This paper introduces Exclamative Se Constructions (ESCs), analyzing their use in two Romance languages: Trevigiano, a northern Italian dialect, and Standard Italian. ESCs are used to express shock or surprise at someone's statement and to challenge its accuracy. Although they resemble adverbial clauses, ESCs function autonomously as main clauses. I identify four defining properties of ESCs: adverbial clause form, form-function mismatch, main-clausality, and the anchoring of surprise to a preceding assertion rather than to the ESC's own propositional content. I argue that ESCs function as counterarguments, specifically rebutting assumed premises using contextually relevant scales. These rebuttals consistently involve asserting a value that contrasts sharply with some initial statement, often reaching an extreme or unexpected point on the contextually relevant scale.</subfield>
   </datafield>
   <datafield tag="653" ind2=" " ind1=" ">
      <subfield code="a">Exclamatives</subfield>
   </datafield>
   <datafield tag="653" ind2=" " ind1=" ">
      <subfield code="a">Romance</subfield>
   </datafield>
   <datafield tag="653" ind2=" " ind1=" ">
      <subfield code="a">Northern italian dialects</subfield>
   </datafield>
   <datafield tag="653" ind2=" " ind1=" ">
      <subfield code="a">Counterarguments</subfield>
   </datafield>
   <datafield ind2="0" ind1="0" tag="245">
      <subfield code="a">Scaling counterarguments : : the dynamics of exclamative se constructions</subfield>
   </datafield>
</record></metadata></record></GetRecord></OAI-PMH>